| 000 | 00597nam a22001817a 4500 | ||
|---|---|---|---|
| 003 | CEME | ||
| 005 | 20210628202503.0 | ||
| 008 | 210122b xxu||||| |||| 00| 0 eng d | ||
| 020 | _a1-56347-609-6 | ||
| 040 | _c. | ||
| 082 | _a629.1 MAN | ||
| 100 |
_aMantle, Peter .J _960116 |
||
| 245 | _aThe missile defense equation factors for decision making | ||
| 260 |
_aNEW YORK _bAIAA _c2004 |
||
| 300 | _aXVII,449 P | ||
| 650 |
_aBALLISTIC MISSILE DEFENSE- EVALUATION, CRUISE MISSILE DEFENSE -EVALUATION, AIR DEFENSE- EVALUATION, ARMED FORCES- PROCUREMENT- DECISION MAKING _960117 |
||
| 942 |
_cBK _2ddc |
||
| 999 |
_c569930 _d569930 |
||